000 00430nam a2200193Ia 4500
003 0100
008 130303s9999 xx 000 0 und d
040 _cARRUPELIB
050 _aBT97.2.S9
100 _aSwinburne, Richard
245 4 _aThe concept of miracle
260 _aLondon
260 _bMacmillan
260 _C1970
300 _a76p.
300 _b 23 cm
650 _bShort stories--Spanish
942 _2lcc
_01
999 _c67211
_d67211